| 000 | 00541nam a2200181 a 4500 | ||
|---|---|---|---|
| 005 | 20210223120409.0 | ||
| 008 | 991125s1949 mx 000 0 spa u | ||
| 035 | _aUPN01000000145 | ||
| 049 | _aCG | ||
| 050 | 4 |
_aF1234 A34 _bA4 |
|
| 100 | 1 |
_aAlessio Robles, Miguel, _d1884-1951 _928522 |
|
| 245 | 1 | 0 |
_aA medio camino / _cMiguel Alessio Robles. |
| 260 |
_aMéxico : _bStylo, _c1949. |
||
| 300 | _a273 p. | ||
| 440 | 0 | _aStylo de escritores mexicanos antigüos y modernos | |
| 651 | 4 |
_aMEXICO - _xHISTORIA - _yREVOLUCION, 1910-1929 |
|
| 905 | _aLibro | ||
| 999 |
_c145 _d145 |
||